• 首页
  • 本馆介绍
  • 公告通知
  • 最新文献
  • 馆藏检索
  • 电子资源
  • 读者导购
  • 参考咨询
  • 我的图书馆
  • 登录
  • 详细信息显示
  • 放入我的书架
  • 预约/预借图书
  • 作者相关作品
  • 分类相关作品
  • 丛书相关作品
  • 出版社相关作品

书目信息

  • 表格格式
  • 工作单格式
  • 卡片格式
题名:
新时期我国保险企业内部风险管理及实践研究
    
 
作者: 刘家养, 著
分册:  
出版信息: 成都   四川大学出版社  2019.12
页数: 208页
开本: 24cm
丛书名:
单 册:
中图分类: F842.32
科图分类:
主题词: 保险企业--bao xian qi ye--风险管理--研究--中国
电子资源:
ISBN: 978-7-5690-2841-6
000 01076nam0 2200265 450
001 CAL 0120202939692
005 20230217093111.0
010    @a978-7-5690-2841-6@dCNY68.00
100    @a20200116d2019 em y0chiy0120 ea
101 0  @achi
102    @aCN@b510000
105    @aa a 000yy
106    @ar
200 1  @a新时期我国保险企业内部风险管理及实践研究@Axin shi qi wo guo bao xian qi ye nei bu feng xian guan li ji shi jian yan jiu@f刘家养著
210    @a成都@c四川大学出版社@d2019.12
215    @a208页@c图@d24cm
300    @a广西重点学科数量经济学研究成果
314    @a刘家养, 美国特拉华大学访问学者。
320    @a有书目 (第206-208页)
330    @a本著作立足当前我国保险行业的实际情况, 以企业内部风险管理的相关理论为基础, 全面客观地分析了当前保险企业内部风险的管理实践, 通过研究保险企业内部控制系统等方面的内容, 力图为企业营造良好的内部环境提供新的思路。
606 0  @a保险企业@Abao xian qi ye@x风险管理@x研究@y中国
690    @aF842.32@v5
701  0 @a刘家养,@Aliu jia yang@f1973-@4著
801  0 @aCN@bBJXHZP@c20230222
905    @b1393233-6@dF842.32@e153@f4
    
    新时期我国保险企业内部风险管理及实践研究/刘家养著.-成都:四川大学出版社,2019.12
    208页:图;24cm
    广西重点学科数量经济学研究成果
    
    ISBN 978-7-5690-2841-6:CNY68.00
    本著作立足当前我国保险行业的实际情况, 以企业内部风险管理的相关理论为基础, 全面客观地分析了当前保险企业内部风险的管理实践, 通过研究保险企业内部控制系统等方面的内容, 力图为企业营造良好的内部环境提供新的思路。
●
相关链接 在E读中查询图书 在五车中查询图书 在当当中查询图书 在豆瓣中查询图书


正题名:新时期我国保险企业内部风险管理及实践研究     索取号:F842.32/153         预约/预借

序号 登录号 条形码 馆藏地/架位号 状态 备注
1 1393233   213932333   第一样本阅览室/ [索取号:F842.32/153] 在馆    
2 1393234   213932342   第一借阅区/ [索取号:F842.32/153] 在馆    
3 1393235   213932351   第一借阅区/ [索取号:F842.32/153] 在馆    
4 1393236   213932360   第一借阅区/ [索取号:F842.32/153] 在馆    
唐山师范学院图书馆 欢迎您!
大连网信软件有限公司© 版权所有